LEADER 03626nam 2200601 450 001 9910257394203321 005 20220228074454.0 010 $a3-540-38271-2 024 7 $a10.1007/978-3-540-38271-3 035 $a(CKB)3390000000042927 035 $a(SSID)ssj0001187267 035 $a(PQKBManifestationID)11651501 035 $a(PQKBTitleCode)TC0001187267 035 $a(PQKBWorkID)11243359 035 $a(PQKB)11743347 035 $a(DE-He213)978-3-540-38271-3 035 $a(MiAaPQ)EBC5577558 035 $a(Au-PeEL)EBL5577558 035 $a(OCoLC)1066178291 035 $a(MiAaPQ)EBC6857117 035 $a(Au-PeEL)EBL6857117 035 $a(OCoLC)1293262087 035 $a(PPN)237969637 035 $a(EXLCZ)993390000000042927 100 $a20220228d1976 uy 0 101 0 $aeng 135 $aurnn|008mamaa 181 $ctxt 182 $cc 183 $acr 200 10$aIntroduction to the theory of heavy-ion collisions /$fWolfgang No?renberg, Hans A. Weidenmu?ller 205 $a2nd ed. 1976. 210 1$aBerlin ;$aHeidelberg :$cSpringer-Verlag GmbH,$d1976. 215 $a1 online resource (IX, 277 p.) 225 1 $aLecture notes in physics ;$vVolume 51 300 $aBibliographic Level Mode of Issuance: Monograph 311 $a3-540-09753-8 320 $aIncludes bibliographical references and index. 327 $a1. Introduction -- 2. Classical theory of HI collisions -- 3. Gross properties of HI reactions. Compound-nucleus formation -- 4. Some elements of nuclear scattering theory -- 5. Elastic scattering -- 6. Coulomb excitation -- 7. Inelastic scattering and transfer reactions -- 8. Statistical theory -- 9. Atomic effects in ion-atom collisions. 330 $aWith the advent of heavy-ion reactions, nuclear physics has acquired a new frontier. The new heavy-ion sources operating at electrostatic accelerators and the high-energy experiments performed at Berkeley, Dubna, Manchester and Orsay, have opened up the field, and have shown us impressive new prospects. The new accelerators now under construction at Berlin, Daresbury and Darmstadt, as well as those under consideration (GANIL, Oak Ridge, etc. ) are expected to add significantly to our knowledge and understanding of nuclear properties. This applies not only to such exotic topics as the existence and lifetimes of superheavy elements, or the possibil­ ity of shock waves in nuclei, but also to such more mundane issues as high-spin states, new regions of deformed nuclei and friction forces. The field promises not only to produce a rich variety of interesting phenomena, but also to have wide-spread theoretical implications. Heavy-ion reactions are characterized by the large masses of the fragments, as well as the high total energy and the large total angular momentum typically involved in the collision. A purely quantum-mechanical description of such a collision process may be too complicated to be either possible or inter­ esting. We expect and, in some cases,know that the classical limit, the limit of geometrical optics, a quantum-statistical or a hydrodynamical description correctly account for typical features. 410 0$aLecture notes in physics ;$vVolume 51. 606 $aHeavy ion collisions 615 0$aHeavy ion collisions. 676 $a539.7234 700 $aNo?renberg$b Wolfgang$f1938-$048630 702 $aWeidenmu?ller$b Hans A. 801 0$bMiAaPQ 801 1$bMiAaPQ 801 2$bMiAaPQ 906 $aBOOK 912 $a9910257394203321 996 $aIntroduction to the theory of heavy-ion collisions$92786216 997 $aUNINA LEADER 01355nam 2200349 n 450 001 996389911703316 005 20230804230313.0 035 $a(CKB)1000000000653379 035 $a(EEBO)2240850304 035 $a(UnM)99850203 035 $a(EXLCZ)991000000000653379 100 $a19920224d1616 uy | 101 0 $aeng 135 $aurbn#|||a|bb| 200 04$aThe application of scripture. Or The maner how to vse the word to most edifying. By Thomas Granger preacher of the word at Botterwike in Holland, neere Boston, in Lincolnshire$b[electronic resource] 210 $aLondon $cPrinted by T. S[nodham] for Thomas Pauier, and are to be sold at his shop in Yuie lane$d1616 215 $a[4], 27, [1] p 300 $aPrinter's name from STC. 300 $aA sermon. 300 $aReproduction of the original in the British Library. 330 $aeebo-0018 606 $aSermons, English$y17th century 615 0$aSermons, English 700 $aGranger$b Thomas$f1578-$01373919 801 0$bCu-RivES 801 1$bCu-RivES 801 2$bCStRLIN 801 2$bWaOLN 906 $aBOOK 912 $a996389911703316 996 $aThe application of scripture. Or The maner how to vse the word to most edifying. By Thomas Granger preacher of the word at Botterwike in Holland, neere Boston, in Lincolnshire$93406428 997 $aUNISA